IC/G (Record no. 114836)
[ view plain ]
| 000 -LEADER | |
|---|---|
| fixed length control field | 01865cam a2200313 4500 |
| 001 - CONTROL NUMBER | |
| control field | L57556 |
| 008 - FIXED-LENGTH DATA ELEMENTS--GENERAL INFORMATION | |
| fixed length control field | 050825n2005 000 0 eng u |
| 020 ## - INTERNATIONAL STANDARD BOOK NUMBER | |
| International Standard Book Number | 9781847039576 |
| 035 ## - SYSTEM CONTROL NUMBER | |
| System control number | (Sirsi) u157556 |
| 041 0# - LANGUAGE CODE | |
| Language code of text/sound track or separate title | eng |
| 050 04 - LIBRARY OF CONGRESS CALL NUMBER | |
| Classification number | 692.8 $2 18 |
| 110 2# - MAIN ENTRY--CORPORATE NAME | |
| Corporate name or jurisdiction name as entry element | Joint Contracts Tribunal |
| 9 (RLIN) | 3664 |
| 240 00 - UNIFORM TITLE | |
| Uniform title | IC/G 05 |
| 245 00 - TITLE STATEMENT | |
| Title | IC/G |
| Remainder of title | Intermediate Building Contract Guide 2005, revision 2 2009 |
| 260 ## - PUBLICATION, DISTRIBUTION, ETC. | |
| Place of publication, distribution, etc. | London |
| Name of publisher, distributor, etc. | Sweet and Maxwell |
| Date of publication, distribution, etc. | 2005 |
| 300 ## - PHYSICAL DESCRIPTION | |
| Extent | ii, 24p. |
| Dimensions | 30cm. |
| 350 ## - PRICE (NR) (BK AM CF MU VM SE) [OBSOLETE] | |
| Price | 15.95 |
| 490 ## - SERIES STATEMENT | |
| Series statement | JCT Intermediate Building Contract Guide (2005 Edition) Revision 2009 |
| 505 2# - FORMATTED CONTENTS NOTE | |
| Formatted contents note | Part 1: changes from the Intermediate Form of Building Contract 1998 -- Characteristics -- Principle changes -- Origins and destinations -- Additional publications |
| 505 2# - FORMATTED CONTENTS NOTE | |
| Formatted contents note | Part 2: guide to the main provisions -- Attestation -- The contract documents and priced document -- Contractor's design obligations -- CDM regulations -- Possession -- Construction information -- Extensions of time -- Defects and deductions -- Testing -- Payment -- Fluctuations -- Variations and provisional sums -- Insurance, terrorism cover and joint fire code -- Collateral warranties -- Termination -- Settlement of disputes -- Names subcontractors |
| 520 ## - SUMMARY, ETC. | |
| Summary, etc. | Provides a guide to both the JCT Intermediate Building Contract (2005 Edition) and the JCT Intermediate Building Contract With Contractor's Design (2005 Edition). |
| 520 ## - SUMMARY, ETC. | |
| Summary, etc. | Supersedes JCT Intermediate Form of Building Contract 1998 Guidance Note (J121066). |
| 650 24 - SUBJECT ADDED ENTRY--TOPICAL TERM | |
| Topical term or geographic name entry element | JCT INTERMEDIATE BUILDING CONTRACT (2005 EDITION) |
| 650 24 - SUBJECT ADDED ENTRY--TOPICAL TERM | |
| Topical term or geographic name entry element | JCT INTERMEDIATE BUILDING CONTRACT WITH CONTRACTOR'S DESIGN (2005 EDITION) |
| 651 #4 - SUBJECT ADDED ENTRY--GEOGRAPHIC NAME | |
| Geographic name | United Kingdom |
| Chronological subdivision | |
| 690 ## - LOCAL SUBJECT ADDED ENTRY--TOPICAL TERM (OCLC, RLIN) | |
| Topical term or geographic name as entry element | BUILT ENVIRONMENT-BUILDING CONTRACT FORMS-STANDARD FORMS OF BUILDING CONTRACT-JOINT CONTRACTS TRIBUNAL CONTRACTS |
| 942 ## - ADDED ENTRY ELEMENTS (KOHA) | |
| Suppress in OPAC | 0 |
| Withdrawn status | Lost status | Source of classification or shelving scheme | Damaged status | Not for loan | Home library | Current library | Shelving location | Date acquired | Total Checkouts | Full call number | Barcode | Date last seen | Copy number | Price effective from | Koha item type |
|---|---|---|---|---|---|---|---|---|---|---|---|---|---|---|---|
| Dewey Decimal Classification | London | London | Books | 16/01/2013 | JCT 2009/2 | 30075072 | 06/08/2019 | 1 | 06/08/2019 | Book |